LA SOCIALIZACION EN EL NIÑO DE LOS TRES A LOS SEIS AÑOS DE EDAD

Sábháilte in:
Sonraí bibleagrafaíochta
Údar corparáideach: Durán Hernández, Carlos
Formáid: LEABHAR
Clibeanna: Cuir clib leis
Níl clibeanna ann, Bí ar an gcéad duine le clib a chur leis an taifead seo!

MARC

LEADER 00000nam^a2200000^a^4500
001 000200624
005 20250521000000.0
009 20260310102844.115
035 |a 030308 
037 |a Acervo Xavier Clavigero 
082 |a 375.  |b DUR 
110 |a Durán Hernández, Carlos 
245 1 3 |a LA SOCIALIZACION EN EL NIÑO DE LOS TRES A LOS SEIS AÑOS DE EDAD 
264 |a MEXICO :  |b EDIGONVILL,  |c 1988 
336 |a texto  |b txt  |2 rdacontenido 
337 |a sin mediación  |b n  |2 rdamedio 
338 |a volumen  |b nc  |2 rdasoporte 
649 |a XX 
910 |a Fondo General 
920 |a Impresos - Libros 
930 |a Colección General 
905 |a 101 
901 |a 030308  |b IT1  |c ACC  |i 030308  |u 20250521 
902 |a https://opac.biblio.iteso.mx/vufind/Record/000200624